00566naa a2200157 a 450000100080000000500110000800800410001910000180006024500770007826000090015565000110016470000200017570000180019570000260021377301690023921209952020-03-06 1990 bl uuuu u00u1 u #d1 aMORAES, E. de aMineralização de bovinos no Estado do Amazonas.h[electronic resource] c1990 aBovino1 aITALIANO, E. C.1 aPIENIZ, L. C.1 aOLIVEIRA, M. G. C. de tIn: HARTZ, J. L.; SANTOS, W. C. dos; QUEIROZ, M. Tecnologias geradas para o Estado do Amazonas. Manaus: EMBRAPA-CPAA, 1990. p. 22-23. (EMBRAPA-CPAA. Documentos, 1).